Modern-Day Countries Which are Theocracies - Statistics

General Stats
  • This quiz has been taken 35 times
  • The average score is 7 of 9
Answer Stats
Religion Answer % Correct
Shia Iran
100%
Christianity Vatican City
97%
Sunni Saudi Arabia
91%
Sunni Afghanistan
84%
Sunni Pakistan
84%
Sunni Yemen
78%
Sunni Sudan
75%
Sunni Brunei
66%
Sunni Mauritania
50%
No matching quizzes found
Score Distribution
Percent of People with Each Score
Percentile by Number Answered
Your Score History
You have not taken this quiz